Indexové fondy na kapitálových trhoch

Indexové fondy - definícia. Výhody indexových fondov. Exchange traded funds /ETF/ - burzové fondy - otvorené fondy. Burzové fondy v USA. Prehľad najväčších burzových fondov s ich základnými údajmi. Do Európy ETF dorazili v apríli 2000. Inovácie na trhu ETF, vytváranie špecializovaných burzových fond...

Descrizione completa

Salvato in:
Dettagli Bibliografici
Autore principale: Chovancová, Božena
Natura: Capitolo di libro
Lingua:slovacco
Soggetti:
Tags: Aggiungi Tag
Nessun Tag, puoi essere il primo ad aggiungerne!!

MARC

LEADER 00000naa$a2200000$$$4500
001 0035552
005 20240502071448.1
041 0 |a slo 
044 |a SK 
245 1 0 |a Indexové fondy na kapitálových trhoch  |c Božena Chovancová 
520 |a Indexové fondy - definícia. Výhody indexových fondov. Exchange traded funds /ETF/ - burzové fondy - otvorené fondy. Burzové fondy v USA. Prehľad najväčších burzových fondov s ich základnými údajmi. Do Európy ETF dorazili v apríli 2000. Inovácie na trhu ETF, vytváranie špecializovaných burzových fondov, ktorých aktíva sú viazané na cenu komodít. Výhody a nevýhody ETF. 
610 2 0 |a trh finančný 
610 2 0 |a trh kapitálový 
610 2 0 |a fondy trhové 
610 2 0 |a burzy 
610 2 0 |a burzy peňažné 
610 2 0 |a obchody burzové 
610 2 0 |a papiere cenné 
610 2 0 |a investori 
610 2 0 |a oceňovanie 
100 1 |a Chovancová, Božena